000 00373nam a2200145Ia 4500
008 220204s9999 xx 000 0 und d
082 _a581.5
_bGRA
100 _aGRACE, J
245 0 _aPlant atmosphere relationships
260 _aLondon
_bChapman & Hall
_c1983
490 _aOutline studies in ecology
650 _aEcology
650 _aRadiation coupling
942 _cBK
999 _c38090
_d38090